Irlanda en Alcalá (Record no. 177250)
[ view plain ]
| 000 -LEADER | |
|---|---|
| campo de control de longitud fija | 01055nam a22002535i 4500 |
| 001 - NÚMERO DE CONTROL | |
| campo de control | 177250 |
| 003 - IDENTIFICADOR DE NÚMERO DE CONTROL | |
| campo de control | ES-MaACL |
| 005 - FECHA Y HORA DE LA ÚLTIMA TRANSACCIÓN | |
| campo de control | 20230906220304.0 |
| 008 - DATOS DE LONGITUD FIJA--INFORMACIÓN GENERAL | |
| campo de control de longitud fija | 110310s2004 sp ao |||| | spa d |
| 020 ## - NÚMERO INTERNACIONAL ESTÁNDAR DEL LIBRO | |
| Número Internacional Estándar del Libro | 84-95011-82-4 |
| 080 ## - NÚMERO DE LA CLASIFICACIÓN DECIMAL UNIVERSAL | |
| Número de la Clasificación Decimal Universal | 378(460.27 Alcalá de Henares)"15/17" |
| 080 ## - NÚMERO DE LA CLASIFICACIÓN DECIMAL UNIVERSAL | |
| Número de la Clasificación Decimal Universal | 94(=1.417:460.27 Alcalá de Henares)"15/17" |
| 100 1# - ENTRADA PRINCIPAL--NOMBRE DE PERSONA | |
| Nombre de persona | Recio Morales, Óscar. |
| 9 (RLIN) | 145538 |
| 245 10 - MENCIÓN DEL TÍTULO | |
| Título | Irlanda en Alcalá |
| Resto del título | : la comunidad irlandesa en la Universidad de Alcalá y su proyección europea, 1579-1785 / |
| Mención de responsabilidad, etc. | [Óscar Recio Morales]. |
| 260 ## - PUBLICACIÓN, DISTRIBUCIÓN, ETC. | |
| Lugar de publicación, distribución, etc. | [Alcalá de Henares] : |
| Nombre del editor, distribuidor, etc. | Fundación Colegio del Rey, |
| Fecha de publicación, distribución, etc. | D. L. 2004. |
| 300 ## - DESCRIPCIÓN FÍSICA | |
| Extensión | 264 p. : |
| Otras características físicas | il. bl. y n. ; |
| Dimensiones | 21 cm. |
| 490 1# - MENCIÓN DE SERIE | |
| Mención de serie | Alcalá Investigación Histórica ; |
| Designación de volumen o secuencia | 22 |
| 500 ## - NOTA GENERAL | |
| Nota general | XXXIV Premios Ciudad de Alcalá 2003, investigación histórica. |
| 610 24 - PUNTO DE ACCESO ADICIONAL DE MATERIA--NOMBRE DE ENTIDAD CORPORATIVA | |
| Nombre de entidad corporativa o nombre de jurisdicción como elemento de entrada | Universidad de Alcalá de Henares- |
| Subdivisión cronológica | S.XVI-XVIII. |
| 9 (RLIN) | 145539 |
| 650 #4 - PUNTO DE ACCESO ADICIONAL DE MATERIA--TÉRMINO DE MATERIA | |
| Término de materia o nombre geográfico como elemento de entrada | Irlandeses- |
| Subdivisión geográfica | Alcalá de Henares. |
| 9 (RLIN) | 145540 |
| 830 0# - PUNTO DE ACCESO ADICIONAL DE SERIE-TÍTULO UNIFORME | |
| Título uniforme | Alcalá Investigación Histórica ; |
| Designación de volumen o secuencia | 22 |
| 9 (RLIN) | 224153 |
| 852 ## - LOCALIZACIÓN | |
| Ubicación | ES-MaACL |
| Número de control de estantería | E-14658 |
| Estatus retirado | Estado de pérdida | Estado de daño | No para préstamo | Biblioteca de origen | Biblioteca actual | Ubicación en estantería | Fecha de adquisición | Fuente de adquisición | Total de préstamos | Signatura topográfica completa | Código de barras | Visto por última vez | Precio de reemplazo | Tipo de ítem Koha |
|---|---|---|---|---|---|---|---|---|---|---|---|---|---|---|
| Biblioteca del Ateneo de Madrid | Biblioteca del Ateneo de Madrid | Depósito 2 | 10/03/2011 | E-14658 | 1186159 | 23/02/2023 | 23/02/2023 | Libro impreso |
